Central Library OPAC University of Rajshahi

সূফী -সাধক-কবি হযরত রকীব শাহ (রঃ) / (Record no. 85012)

MARC details
000 -LEADER
fixed length control field 00870nam a2200229 a 4500
001 - CONTROL NUMBER
control field 85012
003 - CONTROL NUMBER IDENTIFIER
rucl marc code BD-RjUL
005 - DATE AND TIME OF LATEST TRANSACTION
control field 20250619122103.0
008 - FIXED-LENGTH DATA ELEMENTS--GENERAL INFORMATION
fixed length control field 250619s2014 bg ||||| |||| 00| 0 ben d
020 ## - INTERNATIONAL STANDARD BOOK NUMBER
International Standard Book Number 97898481800608
035 ## - SYSTEM CONTROL NUMBER
System control number (BD-RjUL)85012
040 ## - CATALOGING SOURCE
Original cataloging agency BD-RjUL
Language of cataloging eng
Transcribing agency BD-RjUL
041 ## - LANGUAGE CODE
Language code of text/sound track or separate title ben
082 ## - DEWEY DECIMAL CLASSIFICATION NUMBER
Edition number 23
Classification number 891.441092
Author mark and year SHS 2014
100 ## - MAIN ENTRY--PERSONAL NAME
Personal name আহমদ, কাজী কামাল
9 (RLIN) 15687
245 ## - TITLE STATEMENT
Title সূফী -সাধক-কবি হযরত রকীব শাহ (রঃ) /
Statement of responsibility, etc. কাজী কামাল আহমদ
260 ## - PUBLICATION, DISTRIBUTION, ETC. (IMPRINT)
Place of publication, distribution, etc. ঢাকা :
Name of publisher, distributor, etc. বনবীথি প্রকাশনী,
Date of publication, distribution, etc. ২০১৪
300 ## - PHYSICAL DESCRIPTION
Pagination ৩৩৬ পৃ.:
Illustrations চিত্রসমূহ;
Size ২২ সেমি.
600 ## - SUBJECT ADDED ENTRY--PERSONAL NAME
Titles and other words associated with a name শাহ, রকীব
Dates associated with a name ১৯০১-১৯৬৭
Personal name Sah, Rakib
Dates associated with a name 1901-1967
942 ## - ADDED ENTRY ELEMENTS (KOHA)
Source of classification or shelving scheme Dewey Decimal Classification
Koha item type Books
Holdings
Lost status Source of classification or shelving scheme Damaged status Not for loan Collection code Permanent Location Current Location Shelving location Date acquired Source of acquisition Total Checkouts Full call number Date last seen Copy number Koha item type
  Dewey Decimal Classification   Not For Loan Non-fiction Central Library, University of Rajshahi Central Library, University of Rajshahi Reading Room 28/05/2025 Raquib sha Research Center   B 891.441092 SHS 2014 19/06/2025 C-1 Books
  Dewey Decimal Classification     Non-fiction Central Library, University of Rajshahi Central Library, University of Rajshahi General Stacks 28/05/2025 Raquib sha Research Center   B 891.441092 SHS 2014 19/06/2025 C-2 Books